Private sector participation in the water supply and wastewater sector : (Record no. 328665)

000 -LEADER
fixed length control field 01326cam a2200313 a 4500
001 - CONTROL NUMBER
control field 4945194
003 - CONTROL NUMBER IDENTIFIER
control field Nust
005 - DATE AND TIME OF LATEST TRANSACTION
control field 20170412172404.0
008 - FIXED-LENGTH DATA ELEMENTS--GENERAL INFORMATION
fixed length control field 960724s1996 dcua b 000 0 eng
010 ## - LIBRARY OF CONGRESS CONTROL NUMBER
LC control number 96033292
020 ## - INTERNATIONAL STANDARD BOOK NUMBER
International Standard Book Number 0821336819
040 ## - CATALOGING SOURCE
Original cataloging agency DLC
Transcribing agency DLC
Modifying agency DLC
043 ## - GEOGRAPHIC AREA CODE
Geographic area code d------
050 00 - LIBRARY OF CONGRESS CALL NUMBER
Classification number HD1702
Item number .R58 1996
082 00 - DEWEY DECIMAL CLASSIFICATION NUMBER
Classification number 363.61091724 RIV
Edition number 20
100 1# - MAIN ENTRY--PERSONAL NAME
Personal name Rivera, Daniel,
Dates associated with a name 1958-
245 10 - TITLE STATEMENT
Title Private sector participation in the water supply and wastewater sector :
Remainder of title lessons from six developing countries /
Statement of responsibility, etc. Daniel Rivera.
260 ## - PUBLICATION, DISTRIBUTION, ETC.
Place of publication, distribution, etc. Washington, D.C. :
Name of publisher, distributor, etc. World Bank,
Date of publication, distribution, etc. c1996.
300 ## - PHYSICAL DESCRIPTION
Extent xiii, 83 p. :
Other physical details ill. ;
Dimensions 23 cm.
490 1# - SERIES STATEMENT
Series statement Directions in development
500 ## - GENERAL NOTE
General note P.B
504 ## - BIBLIOGRAPHY, ETC. NOTE
Bibliography, etc. note Includes bibliographical references (p. 81-83).
650 #0 - SUBJECT ADDED ENTRY--TOPICAL TERM
Topical term or geographic name entry element Water-supply
Geographic subdivision Developing countries
General subdivision Planning
-- Case studies.
650 #0 - SUBJECT ADDED ENTRY--TOPICAL TERM
Topical term or geographic name entry element Sewage disposal
Geographic subdivision Developing countries
General subdivision Planning
-- Case studies.
650 #0 - SUBJECT ADDED ENTRY--TOPICAL TERM
Topical term or geographic name entry element Privatization
Geographic subdivision Developing countries
General subdivision Case studies.
830 #0 - SERIES ADDED ENTRY--UNIFORM TITLE
Uniform title Directions in development (Washington, D.C.)
906 ## - LOCAL DATA ELEMENT F, LDF (RLIN)
a 7
b cbc
c orignew
d 1
e ocip
f 19
g y-gencatlg
942 ## - ADDED ENTRY ELEMENTS (KOHA)
Source of classification or shelving scheme
Koha item type Book
Call number prefix 363.61091724 RIV
Holdings
Withdrawn status Lost status Source of classification or shelving scheme Damaged status Not for loan Collection code Permanent Location Current Location Shelving location Date acquired Total Checkouts Full call number Barcode Date last seen Price effective from Koha item type
            Institute of Environmental Science and Engineering (IESE) Institute of Environmental Science and Engineering (IESE) General Stacks 04/12/2017   363.61091724 RIV IESE-221 04/12/2017 04/12/2017 Book
© 2023 Central Library, National University of Sciences and Technology. All Rights Reserved.